UM Logo

Diesel engine testing and performance / (Record no. 18480)

MARC details
000 -LEADER
fixed length control field 00632nam a22001817a 4500
008 - FIXED-LENGTH DATA ELEMENTS--GENERAL INFORMATION
fixed length control field 231121b ||||| |||| 00| 0 eng d
020 ## - INTERNATIONAL STANDARD BOOK NUMBER
International Standard Book Number 9788196050108
082 ## - DEWEY DECIMAL CLASSIFICATION NUMBER
Edition number 2023
Classification number DC 629.2504
Item number Sa218
100 ## - MAIN ENTRY--PERSONAL NAME
Personal name Saini, Devang.
9 (RLIN) 50149
245 ## - TITLE STATEMENT
Title Diesel engine testing and performance /
Statement of responsibility, etc. Devang Saini.
250 ## - EDITION STATEMENT
Edition statement 1st Edition.
260 ## - PUBLICATION, DISTRIBUTION, ETC. (IMPRINT)
Place of publication, distribution, etc. New Delhi (India) :
Name of publisher, distributor, etc. Random publications llp,
Date of publication, distribution, etc. ©2023
300 ## - PHYSICAL DESCRIPTION
Extent x, 284 pages :
Other physical details illustrations ;
Dimensions 24 cm.
500 ## - GENERAL NOTE
General note Includes bibliography and index.
650 ## - SUBJECT ADDED ENTRY--TOPICAL TERM
Topical term or geographic name as entry element Automobiles
General subdivision Motors
-- Modification.
9 (RLIN) 50158
650 ## - SUBJECT ADDED ENTRY--TOPICAL TERM
Topical term or geographic name as entry element Automobiles
General subdivision Performance.
9 (RLIN) 50159
942 ## - ADDED ENTRY ELEMENTS (KOHA)
Source of classification or shelving scheme Dewey Decimal Classification
Koha item type Circulation
Holdings
Withdrawn status Lost status Source of classification or shelving scheme Damaged status Not for loan Collection code Home library Current library Date acquired Source of acquisition Cost, normal purchase price Total Checkouts Full call number Barcode Date last seen Copy number Price effective from Koha item type
    Dewey Decimal Classification     Circulation UM Digos College - LIC UM Digos College - LIC 08/08/2023 Purchased 6400.00   DC 629.2504 Sa218 2023 27375 05/15/2025 1 11/21/2023 Circulation
    Dewey Decimal Classification     Circulation UM Digos College - LIC UM Digos College - LIC 08/08/2023 Purchased 6400.00   DC 629.2504 Sa218 2023 27376 05/15/2025 2 11/21/2023 Circulation